Cẩm nang cơ khí : (Nguyên lý thiết kế)
Sách hướng dẫn các kiểu mối ghép hàn, các mối ghép tán đinh, các mối ghép chặt, ghép ren, các mối ghép bích...và các quy tắc thiết kế, phương pháp làm tăng độ bền các mối hàn
Gardado en:
| Autor Principal: | |
|---|---|
| Formato: | Libro |
| Idioma: | Undetermined |
| Publicado: |
Hải Phòng
Nxb Hải Phòng
2003
|
| Những chủ đề: | |
| Các nhãn: |
Engadir etiqueta
Sen Etiquetas, Sexa o primeiro en etiquetar este rexistro!
|
| Thư viện lưu trữ: | Trung tâm Học liệu Trường Đại học Cần Thơ |
|---|
| LEADER | 00998nam a2200241Ia 4500 | ||
|---|---|---|---|
| 001 | CTU_60001 | ||
| 008 | 210402s9999 xx 000 0 und d | ||
| 020 | |b 135000 | ||
| 020 | |c 135000 | ||
| 082 | |a 620.1 | ||
| 082 | |b O.72/T.2 | ||
| 100 | |a Orlôp, P. I. | ||
| 245 | 0 | |a Cẩm nang cơ khí : | |
| 245 | 0 | |b (Nguyên lý thiết kế) | |
| 245 | 0 | |c P. I. Orlôp; Biên dịch: Võ Trần Khúc Nhã | |
| 260 | |a Hải Phòng | ||
| 260 | |b Nxb Hải Phòng | ||
| 260 | |c 2003 | ||
| 520 | |a Sách hướng dẫn các kiểu mối ghép hàn, các mối ghép tán đinh, các mối ghép chặt, ghép ren, các mối ghép bích...và các quy tắc thiết kế, phương pháp làm tăng độ bền các mối hàn | ||
| 650 | |a Mechanical engineering,Machine parts | ||
| 650 | |x Handbooks, manuals, etc.,Design and construction | ||
| 904 | |i Minh, H.Mai | ||
| 980 | |a Trung tâm Học liệu Trường Đại học Cần Thơ | ||